Κατάλογος Βιβλιοθηκών Mediterranean College

Οι Επιπτώσεις της Οικονομικής Κρίσης (2008-2012) στο Ελληνικό Λιανεμπόριο (Super Market) και οι Δυνατότητες Ανάπτυξης των Ισχυρών Οργανισμών του Κλάδου. (Record no. 8565)

MARC details
000 -LEADER
fixed length control field 02286cam a22001934a 4500
005 - ΗΜΕΡΟΜΗΝΙΑ ΚΑΙ ΩΡΑ ΤΕΛΕΥΤΑΙΑΣ ΕΝΗΜΕΡΩΣΗΣ
Πεδίο ελέγχου 20250605164340.0
008 - FIXED-LENGTH DATA ELEMENTS--GENERAL INFORMATION
Πεδίο ελέγχου σταθερού μήκους 250528s ||||||||||||||||||||||||d
035 ## - SYSTEM CONTROL NUMBER
System control number 23564
040 ## - ΠΗΓΗ ΚΑΤΑΛΟΓΟΓΡΑΦΗΣΗΣ
Φορέας πρωτότυπης καταλογογράφησης MC Athens Campus Library
Γλώσσα καταλογογράφησης Ελληνικά, Μοντέρνα (1453-)
Modifying agency MC Athens Campus Library
Κανόνες περιγραφικής καταλογογράφησης AACR2
245 1# - ΤΙΤΛΟΣ ΚΑΙ ΔΗΛΩΣΗ ΥΠΕΥΘΥΝΟΤΗΤΑΣ
Τίτλος Οι Επιπτώσεις της Οικονομικής Κρίσης (2008-2012) στο Ελληνικό Λιανεμπόριο (Super Market) και οι Δυνατότητες Ανάπτυξης των Ισχυρών Οργανισμών του Κλάδου.
260 ## - PUBLICATION, DISTRIBUTION, ETC.
Date of publication, distribution, etc. 2015
300 ## - PHYSICAL DESCRIPTION
Extent 45
520 ## - SUMMARY, ETC.
Summary, etc. Εισαγωγή, ο Κλάδος των Super Market, η Διάρθρωση του στην Ελληνική Αγορά, Συνολική Εικόνα του Κλάδου την Περίοδο της Κρίσης, η Τάση του Κλάδου την Περίοδο της Κρίσης 2008-2011, Αριθμός Υποκαταστημάτων του Κλάδου, Επενδυτική Δραστηριότητα του Κλάδου, Συνολικά Συμπεράσματα για τον Κλάδο κατά τα Διαθέσιμα Έτη της Κρίσης 2008-2011, Εξαγορές - Συγχωνεύσεις - Διεθνείς Εμπειρίες και Πρακτικές, Μελέτη Περίπτωσης: η Πτώχευση της ΑΤΛΑΝΤΙΚ Α.Ε.Ε, Ιστορική Αναδρομή της Εταιρίας ΑΤΛΑΝΤΙΚ Α.Ε.Ε, η Νεώτερη Ελληνική Αλυσίδα Super Market με τη Ραγδαία Ανάπτυξη Αγωνίζεται να μην Κηρύξει Πτώσευση, η Σύντομη Παραμονή της ALDI A.E στο Ελληνικό Λιανεμπόριο, Εξαγορά και Επενδύσεις απο Ανταγωνιστές, Εξαγορά και Επενδύσεις απο την ΒΑΣΙΛΟΠΟΥΛΟΣ Α.Β.Ε.Ε ΣΚΛΑΒΕΝΙΤΗΣ Α.Ε.Ε LIDL HELLAS και ΣΙΑ Ο.Ε ,η Ιστορική Αναδρομή της CARREFOUR στο Ελληνικό Λιανεμπόριο, Συμπεράσματα και Προτάσεις, Βιβλιογραφία.
700 1# - ΠΡΟΣΘΕΤΗ ΑΝΑΓΡΑΦΗ--ΦΥΣΙΚΟ ΠΡΟΣΩΠΟ
Personal name Γιαννόπουλος Αριστομενίδης
9 (RLIN) 9145
700 1# - ΠΡΟΣΘΕΤΗ ΑΝΑΓΡΑΦΗ--ΦΥΣΙΚΟ ΠΡΟΣΩΠΟ
Personal name Σταυρόπουλος Γεώργιος
9 (RLIN) 9146
942 ## - ADDED ENTRY ELEMENTS (KOHA)
Koha item type Διπλωματική εργασία
Holdings
Τύπος τεκμηρίου Βιβλιοθήκη Τρέχουσα τοποθεσία Barcode Ημερομηνία απόκτησης Ταξιθετικό σύμβολο Αριθμός αντιτύπου Κατάσταση απόσυρσης Κατάσταση χαμένου Κατάσταση κατεστραμμένου Μη δανεισμός Σύνολο δανεισμών Ημερομηνία τελευταίας εμφάνισης Η τιμή ισχύει από
Διπλωματική εργασία MC Athens Campus Library MC Athens Campus Library 9780000085641 05/06/2025 BUS 2015 (14) 1           05/06/2025 05/06/2025

MC Athens Campus Library
Πατησίων 94 & Κοδριγκτώνος 13, 104 34
Πελλήνης 8 & Πατησίων 107, 112 51
Τ: +30 210 8899600

MC Thessaloniki Campus Library
Ίωνος Δραγούμη 21, 54625 | Ίωνος Δραγούμη 15, 54625
Τ: +30 2310 287779 – Τ: +30 2314 440300